Kitchen Items by Picture - Statistics

General Stats
  • This quiz has been taken 185 times
  • The average score is 13 of 16
Answer Stats
Picture Answer % Correct
Knife
98%
Pan
94%
Mixing Bowl
92%
Pot
92%
Mixing Spoon
89%
Cutting Board
87%
Whisk
87%
Spatula
86%
Stand Mixer
85%
Can Opener
82%
Grater
82%
Measuring Spoons
76%
Potato Masher
73%
Measuring Cups
70%
Colander
54%
Garlic Press
46%
No matching quizzes found
Score Distribution
Percent of People with Each Score
Percentile by Number Answered
Your Score History
You have not taken this quiz